| 000 | 00670nam a22002657a 4500 | ||
|---|---|---|---|
| 001 | BR0501444 | ||
| 003 | BR-BrBNA | ||
| 005 | 20230928101848.0 | ||
| 007 | ta | ||
| 008 | 230509b bl.||||| |||| 00| 0 por d | ||
| 040 |
_aBR-BrBNA _bpor _cBiblioteca Nacional de Agricultura |
||
| 041 | _a(Por) | ||
| 072 | _aH60 | ||
| 090 | _ H60 BR0501444 | ||
| 100 | 1 | _aKissmann, K.G. | |
| 100 | 1 | _aGroth, D. | |
| 245 | 1 | _aPlantas infestantes e nocivas | |
| 250 | 1 | _a2. ed. | |
| 260 | 3 |
_aSão Paulo, SP (Brasil): _bBASF S.A., _c1999. |
|
| 300 | _atomo 1-3 | ||
| 650 | _aERVA DANINHA | ||
| 650 | _aTAXONOMIA VEGETAL | ||
| 909 |
_a202309 _bLucia _c55 _dLucia Elande |
||
| 942 | _cBK | ||
| 999 |
_c67941 _d67941 |
||